000 01195nam a22002897a 4500
001 04713
003 HDC
007 cr bn ---aaaaa
008 210117b20012001tai||||| |||| 00| 0 eng d
040 _aHDC
110 _aFood and Fertilizer Technology Center
245 0 _aFFTC Research Highlights:
_bUse of Coconut Water as a Growth Regulator for Tea Cuttings (Cmellia Sinensis)
_c/ Center for Tea and Quinine Research, Gambung, Indonesia
260 _aTaiwan:
_bFood and Fertilizer Technology Center,
_c2001
300 _a1 online resource (2 pages)
336 _atext
_2rdacontent
337 _acomputer
_2rdamedia
338 _aonline resource
_2rdacarrier
500 _aExtract from: FFTC Research Highlights, July 2001
505 _aEffect of branch pruning and paclobutrazol application of mango
650 _aAgricultural innovations
_91956
650 _aAgriculture
_xResearch
_91955
710 _aCenter for Tea and Quinine Research (Indonesia)
856 _zRequest full-text at [email protected]
942 _2lcc
942 _cAR
942 _kEMAG 000176
999 _c2038
_d2038